| Tag |
First Indicator |
Second Indicator |
Subfields |
| LEADER |
00000cam a2200000Ka 4500 |
| 001 |
in00002575440 |
| 005 |
20151201150144.0 |
| 006 |
m f d |
| 007 |
cr unu|||||||| |
| 008 |
100428s2010 txu sbm 000 0 eng d |
| 035 |
|
|
|a (OCoLC)ocn609898233
|
| 035 |
|
|
|a (OCoLC)609898233
|
| 035 |
|
|
|a (TxCM)http://hdl.handle.net/1969.1/ETD-TAMU-1111
|
| 040 |
|
|
|a TXA
|c TXA
|d UtOrBLW
|
| 049 |
|
|
|a TXAM
|
| 099 |
|
|
|a 2006
|a Dissertation
|a 1969.1/ETD-TAMU-1111
|
| 100 |
1 |
|
|a Garcia, Patricia Marie.
|
| 245 |
1 |
0 |
|a Poetry, prayer, and pedagogy :
|b writings by and for the English Catholic community, 1547-1650 /
|c by Patricia Marie Garcia.
|
| 264 |
|
1 |
|a [College Station, Tex.] :
|b [Texas A&M University],
|c [2010]
|
| 300 |
|
|
|a 1 online resource.
|
| 336 |
|
|
|a text
|b txt
|2 rdacontent
|
| 337 |
|
|
|a computer
|b c
|2 rdamedia
|
| 338 |
|
|
|a online resource
|b cr
|2 rdacarrier
|
| 500 |
|
|
|a "Major Subject: English"
|
| 500 |
|
|
|a Title from author supplied metadata (automated record created 2010-03-12 12:08:51).
|
| 502 |
|
|
|b Doctor of Philosophy
|c Texas A&M University
|d 2006
|o http://hdl.handle.net/1969.1/ETD-TAMU-1111
|
| 504 |
|
|
|a Includes bibliographical references.
|
| 516 |
|
|
|a Text (Dissertation)
|
| 520 |
3 |
|
|a This study examines the role of religious poetry and pedagogy in maintaining the English Catholic community during the Reformation and Counter-Reformation. English Catholics faced legal sanctions, social isolation, and physical harm for practicing their faith, and the Catholic church began a campaign to maintain, educate, and minister to the community covertly through the use of Jesuit missionaries and published pedagogical texts. The influence of such experiences can be seen in the literary works of John Donne, Robert Southwell, Richard Crashaw, and Elizabeth Cary, as well as in the instructional works by lesser-known Catholic writers including John Fowler, Thomas Wright, John Bucke, Henry Garnet, Gaspar Loarte, John Mush, Jeanne de Cambray, and Agnes More. These texts also show a stylistic influence upon one another wherein pedagogical texts utilize poetic language, and poetic texts instruct the reader in religious practice through modeling and example. Through a careful reading of these works, I examine the early modern literary landscape of England in its Catholic context. Finally, I argue that the question of Protestant/Catholic identity led to the development of a religious poetics that emphasized the role of the individual within this crisis and, more importantly, in his or her relationship with God.
|
| 500 |
|
|
|a Electronic resource.
|
| 650 |
|
4 |
|a Major English.
|
| 653 |
|
|
|a Seventeenth Century
|
| 653 |
|
|
|a Catholic
|
| 653 |
|
|
|a Prayer
|
| 653 |
|
|
|a English
|
| 653 |
|
|
|a Poetry
|
| 653 |
|
|
|a Pedagogy
|
| 653 |
|
|
|a Sixteenth Century
|
| 700 |
1 |
|
|a Parrish, Paul A.,
|e thesis advisor.
|
| 856 |
4 |
0 |
|u http://hdl.handle.net/1969.1/ETD-TAMU-1111
|z Link to OAK Trust copy
|t 0
|
| 948 |
|
|
|a cataloged
|b h
|c 2010/4/28
|d c
|e jgreene
|f @:35:13 pm
|
| 994 |
|
|
|a C0
|b TXA
|
| 999 |
|
|
|a MARS
|
| 999 |
f |
f |
|s eee540f6-bb99-3678-a9a7-93e877404773
|i dcd4f0f3-eaf8-3591-b27b-75075fbf6d3e
|t 0
|
| 952 |
f |
f |
|a Texas A&M University
|b College Station
|c Electronic Resources
|d Available Online
|t 0
|e 2006 Dissertation 1969.1/ETD-TAMU-1111
|h Other scheme
|
| 998 |
f |
f |
|a 2006 Dissertation 1969.1/ETD-TAMU-1111
|t 0
|l Available Online
|